| 000 | 00645nam a2200229Ia 4500 | ||
|---|---|---|---|
| 003 | OSt | ||
| 005 | 20250829093221.0 | ||
| 008 | 210210b2010 xxu||||| |||| 00| 0 eng d | ||
| 020 | _a9788130915432 | ||
| 040 | _cAL | ||
| 041 | _aeng | ||
| 082 | _a658.4012 DIXT | ||
| 100 |
_aAvinash K Dixit _9237461 |
||
| 245 |
_aThinking strategically _b: the competitive edge in business politics and everyday life |
||
| 260 |
_aNew Delhi _bViva Books Private Limited _c2010 |
||
| 300 | _axi,393p | ||
| 650 |
_aThinking _9237462 |
||
| 690 |
_aStrategic Management _9237463 |
||
| 700 |
_aBarry J Nalebuff _9237464 |
||
| 906 | _a065283 | ||
| 942 |
_2ddc _cBK |
||
| 999 |
_c142605 _d142605 |
||